Convenio constitutivo de la Organización Latinoamericana de Energía

Sparad:
Bibliografiska uppgifter
Institutionell upphovsman: Organización Latinoamericana de Energía
Materialtyp: Text
Publicerad: Lima: OLADE
Taggar: Lägg till en tagg
Inga taggar, Lägg till första taggen!

MARC

LEADER 00000 a a2200000 04500
001 22640
003
040 |a CRAI/IIS  |c CRAI/IIS 
090 |a 155100  
110 |a Organización Latinoamericana de Energía  
245 |a Convenio constitutivo de la Organización Latinoamericana de Energía  
260 |a Lima:   |b OLADE  
300 |a s. p.  
999 |c 12231  |d 12231